书目信息 |
| 题名: |
社会研究方法
|
|
| 作者: | 巴比 著 ;邱泽奇 译 | |
| 分册: | ||
| 出版信息: | 北京 华夏出版社 2018 |
|
| 页数: | 576页 | |
| 开本: | 24cm | |
| 丛书名: | 社会学教材经典译丛 | |
| 单 册: | ||
| 中图分类: | C91-03 | |
| 科图分类: | ||
| 主题词: | 社会学--she hui xue--研究方法 | |
| 电子资源: | ||
| ISBN: | 978-7-5080-9344-4 | |
| 000 | 01614cam 2200337 450 | |
| 001 | 012001010646 | |
| 005 | 20191125151755.62 | |
| 010 | @a978-7-5080-9344-4@dCNY108.00 | |
| 099 | @aCAL 012018019637 | |
| 100 | @a20180111d2018 em y0chiy50 ea | |
| 101 | 1 | @achi@ceng |
| 102 | @aCN@b110000 | |
| 105 | @aak a 001yy | |
| 106 | @ar | |
| 200 | 1 | @a社会研究方法@Ashe hui yan jiu fang fa@f(美) 艾尔·巴比著@d= The practice of social research@fEarl Babble@g邱泽奇译@zeng |
| 205 | @a第2版 | |
| 210 | @a北京@c华夏出版社@d2018 | |
| 215 | @a576页@c图@d24cm | |
| 225 | 2 | @a社会学教材经典译丛@Ashe hui xue jiao cai jing dian yi cong |
| 305 | @a本书据2007年英文第11版译出 | |
| 320 | @a有书目 (第536-546页) 和索引 | |
| 330 | @a《社会研究方法》作为美国大学的通用社会学教材, 同时被译成多国文字, 是一本具有世界声誉的经典之作。《社会研究方法》讨论范围广泛、论述严密, 从社会理论基本范式到学科报告撰写, 从社会研究的基本概念到各种复杂技术方法, 深入浅出、循序渐进, 把一些复杂的方法问题与日常生活中的事物衔接起来, 表述清晰明白、生动自然。同时本书包含大量图表和鲜活案例, 吸纳了社会研究的最新理论和方法, 并附有详细的参考书目和丰富的网络链接 , 为师生教学和学者研究提供了极大便利, 既适合专门研究人员, 也是其他相关学科研究人员的必备参考书。 | |
| 333 | @a本书可作为高等学校社会学相关专业的教材 | |
| 410 | 0 | @12001 @a社会学教材经典译丛 |
| 500 | 10 | @aPractice of social research@mChinese |
| 606 | 0 | @a社会学@Ashe hui xue@x研究方法 |
| 690 | @aC91-03@v5 | |
| 701 | 1 | @a巴比@Aba bi@g(Babble, Earl R.)@4著 |
| 702 | 0 | @a邱泽奇@Aqiu ze qi@4译 |
| 801 | 2 | @aCN@b上海新华@c20191020 |
| 905 | @b1136820-2@dC91-03@e1690=2@f3 | |
| 社会研究方法/(美) 艾尔·巴比著= The practice of social research/Earl Babble/邱泽奇译.-第2版.-北京:华夏出版社,2018 |
| 576页:图;24cm.-(社会学教材经典译丛) |
| 使用对象:本书可作为高等学校社会学相关专业的教材 |
| ISBN 978-7-5080-9344-4:CNY108.00 |
| 《社会研究方法》作为美国大学的通用社会学教材, 同时被译成多国文字, 是一本具有世界声誉的经典之作。《社会研究方法》讨论范围广泛、论述严密, 从社会理论基本范式到学科报告撰写, 从社会研究的基本概念到各种复杂技术方法, 深入浅出、循序渐进, 把一些复杂的方法问题与日常生活中的事物衔接起来, 表述清晰明白、生动自然。同时本书包含大量图表和鲜活案例, 吸纳了社会研究的最新理论和方法, 并附有详细的参考书目和丰富的网络链接 , 为师生教学和学者研究提供了极大便利, 既适合专门研究人员, 也是其他相关学科研究人员的必备参考书。 |
| ● |
| 相关链接 |
|
|
|
|
正题名:社会研究方法
索取号:C91-03/1690=2
 
预约/预借
| 序号 | 登录号 | 条形码 | 馆藏地/架位号 | 状态 | 备注 |
| 1 | 1136820 | 211368205 | 第一样本阅览室/ [索取号:C91-03/1690=2] | 在馆 | |
| 2 | 1136821 | 211368214 | 第一借阅区/ [索取号:C91-03/1690=2] | 在馆 | |
| 3 | 1136822 | 211368223 | 第一借阅区/ [索取号:C91-03/1690=2] | 在馆 |